书目信息 |
| 题名: |
项目总控
|
|
| 作者: | 贾光社 编著 | |
| 分册: | ||
| 出版信息: | 上海 同济大学出版社 2003.01 |
|
| 页数: | 133页 | |
| 开本: | 26cm | |
| 丛书名: | 工程管理丛书 | |
| 单 册: | ||
| 中图分类: | F281 | |
| 科图分类: | ||
| 主题词: | 基本建设经济 , 基本建设 , 基本建设经济学 , 基本建设优化学 | |
| 电子资源: | ||
| ISBN: | 7-5608-2541-9 | |
| 000 | 00854nam0 2200277 45 | |
| 001 | 0352979417 | |
| 005 | 2003031014425937 | |
| 010 | @a7-5608-2541-9@dRMB 18.00 | |
| 100 | @a20030310d2003 km y0chiy0120 ea | |
| 101 | 0 | @achi |
| 102 | @aCN@b310000 | |
| 200 | 1 | @a项目总控@Axiang mu zong kong@d=Projwct Controlling@e建设工程的新型管理模式@f贾光社编著@FJia Guang She Bian Zhu |
| 210 | @a上海@c同济大学出版社@d2003.01 | |
| 215 | @a133页@d26cm | |
| 225 | 2 | @a工程管理丛书 |
| 410 | 0 | @12001 @a工程管理丛书 |
| 510 | @a=Projwct Controlling | |
| 517 | @a建设工程的新型管理模式@AJian She Gong Cheng De Xin Xing Guan Li Mo Shi | |
| 606 | 0 | @a基本建设经济 |
| 606 | 0 | @a基本建设 |
| 606 | 0 | @a基本建设经济学 |
| 606 | 0 | @a基本建设优化学 |
| 690 | @aF281@v3 | |
| 701 | 0 | @a贾光社@AJia Guang She@4编著 |
| 801 | 0 | @aCN@bPFT@c20030310 |
| 905 | @dF281@eJ241 | |
| 项目总控=Projwct Controlling:建设工程的新型管理模式/贾光社编著.-上海:同济大学出版社,2003.01 |
| 133页;26cm.-(工程管理丛书) |
| ←并列题名:=Projwct Controlling |
| ISBN 7-5608-2541-9:RMB 18.00 |
| ● |
| 相关链接 |
|
|
|
正题名:项目总控
索取号:F281/J241
 
预约/预借
| 序号 | 登录号 | 条形码 | 馆藏地/架位号 | 状态 | 备注 |
| 1 | 372201 | 203722016 | 社科库409/409社科库 102排5列1层/ [索取号:F281/J241] | 在馆 | |
| 2 | 372202 | 203722025 | 管理学院资料室/ [索取号:F281/J241] | 在馆 |